00931cam a22002774a 45000010005000000030006000050050017000110080041000280100017000690200015000860200018001010400023001190500012001420820012001541000020001662450043001862600041002293000048002704400030003185040051003485050007003995200176004065210018005825210018006006500035006186438FISKH20250502104949.0040120s2004 nyua j b 001 0 eng  a 2004001225 a0516236164 a9780516246642 aDLCcDLCdDLCbeng aB254 WH a531.1121 aBarkan, Joanne.10aWhat is velocity? /cby Joanne Barkan. aNew York :bChildren's Press,c2004. a31 pages : bcolor illustrations ; c18 cm  0aRookie read-about science aIncludes bibliographical references and index. aJ  aColorful photos and simple text encourage children to read on their own as they learn the meaning of velocity and that it is measured by an object's speed and direction. 8 a440 bLexile 8 aJ bRaz-Plus  0aVelocityvJuvenile literature.